000 00813nam a2200193 a 4500
001 000025889
005 20200930024129.0
008 110224s1980 dr 000 0 spa d
040 _aDO-SdBNP
_bspa
_cBNPHU
082 _a338.18
_bT147c
111 2 _aTaller Evaluativo Nacional Proyecto CENSERI :
_n(1 :
_d1981 :
_cJarabacoa, República Dominicana )
_952748
245 1 0 _aConclusiones del primer taller evaluativo nacional proyecto CENSERI etapa I.
260 _aSantiago de los Caballeros, República Dominicana :
_bSecretaria de Estado de Agricultura,
_c1980.
300 _a43 P. ;
_c22 cm.
590 _aInventariado,2018/DG
650 4 _aAgricultura
_xAspectos económicos
_zRepública Dominicana
_91508
650 4 _aPolítica agrícola
_zRepública Dominicana
_99553
910 _aValidado. Control de calidad MFF
999 _c25381
_d25381